[Event "17th CRO-chT 1a"]
[Site "Sibenik CRO"]
[Date "2008.09.03"]
[Round "7"]
[White "Hulak, K."]
[Black "Kovacevic, Vlat"]
[Result "1/2-1/2"]
[WhiteElo "2546"]
[BlackElo "2508"]
[PlyCount "25"]
[EventDate "2008.09.27"]
[SourceDate "1999.07.01"]

1. d4 e6 2. c4 d5 3. Nf3 Nf6 4. Nc3 Bb4 5. Bg5 Nbd7 6. cxd5 exd5 7. Rc1 c6 8.
a3 Be7 9. e3 h6 10. Bh4 a5 11. Bd3 O-O 12. O-O Re8 13. Qc2 1/2-1/2

[Event "5th CHN-RUS"]
[Site "Ningpo CHN"]
[Date "2008.09.20"]
[Round "3"]
[White "Bu Xiangzhi"]
[Black "Alekseev, Evgeny"]
[Result "1/2-1/2"]
[WhiteElo "2710"]
[BlackElo "2708"]
[PlyCount "123"]
[EventDate "2008.09.18"]
[SourceDate "1999.07.01"]

1. Nf3 Nf6 2. c4 e6 3. Nc3 d5 4. d4 Bb4 5. cxd5 exd5 6. Bg5 Nbd7 7. Rc1 c6 8.
a3 Bd6 9. e3 O-O 10. Bd3 Re8 11. O-O h6 12. Bh4 Nf8 13. Qb3 Ng6 14. Bg3 Bxg3
15. hxg3 Qe7 16. Bxg6 fxg6 17. Ne5 Kh7 18. Rfe1 Be6 19. Qb4 Qc7 20. Na4 Re7 21.
Nc5 Bf5 22. Qd2 Qd6 23. Nb3 Rae8 24. Qb4 Qc7 25. Nd2 g5 26. Qc3 g4 27. b4 Qb8
28. a4 Nd7 29. Nd3 Qd6 30. Nb3 Nb6 31. Qc5 Qxc5 32. Ndxc5 Nc4 33. Na5 Nd6 34.
Ncb3 h5 35. Nd2 g5 36. Nab3 h4 37. gxh4 gxh4 38. Rc3 Bg6 39. Nc1 Nf5 40. Ne2 g3
41. Nf1 gxf2+ 42. Kxf2 Kh6 43. b5 Nd6 44. Rb3 Bc2 45. Rb4 Nc4 46. Nf4 Rf7 47.
Nh2 Nxe3 48. Rxe3 Rxf4+ 49. Nf3 Be4 50. bxc6 bxc6 51. Kg1 Rg8 52. Ne1 Rgf8 53.
Rb7 R8f7 54. Rb8 Rf1+ 55. Kh2 Kg5 56. Nd3 Rd1 57. Rg8+ Kh5 58. Rh3 Rd2 59. Kg1
Rd1+ 60. Kh2 Rd2 61. Kg1 Rd1+ 62. Kh2 1/2-1/2

[Event "4th ch-EU"]
[Site "Liverpool ENG"]
[Date "2008.09.18"]
[Round "10"]
[White "Meier, Geo"]
[Black "Laznicka, V."]
[Result "0-1"]
[WhiteElo "2556"]
[BlackElo "2601"]
[PlyCount "124"]
[EventDate "2008.09.09"]
[SourceDate "1999.07.01"]

1. d4 Nf6 2. c4 e6 3. Nf3 d5 4. Nc3 Bb4 5. Bg5 O-O 6. e3 c5 7. cxd5 exd5 8.
dxc5 Nbd7 9. Rc1 Nxc5 10. Qd4 Bxc3+ 11. Qxc3 Nce4 12. Bxf6 Nxf6 13. Be2 Bg4 14.
O-O Qb6 15. h3 Rac8 16. Qa3 Bh5 17. Rfd1 a6 18. Nd4 Bxe2 19. Nxe2 Rfd8 20. Rc3
g6 21. Rdc1 Rxc3 22. Qxc3 h5 23. Qc7 Rd6 24. Qe7 Rc6 25. Rxc6 Qxc6 26. Nc3 b5
27. Qe5 Kg7 28. f3 h4 29. a3 Qe6 30. Qf4 Nh5 31. Qd4+ Nf6 32. Qf4 Nh5 33. Qd4+
Nf6 34. Ne2 g5 35. Qc3 Qf5 36. Nd4 Qb1+ 37. Kf2 Kg6 38. Nc6 Nh5 39. Qd3+ Qxd3
40. Ne5+ Kf5 41. Nxd3 a5 42. Nc5 a4 43. Na6 Ke5 44. Nb4 Kd6 45. Nd3 f5 46. Ke2
d4 47. f4 gxf4 48. exd4 Kd5 49. Kf3 Kxd4 50. Nxf4 Nxf4 51. Kxf4 Kd3 52. Kf3 Kd2
53. g4 hxg3 54. h4 f4 55. h5 g2 56. Kxg2 Ke2 57. h6 f3+ 58. Kh2 f2 59. h7 f1=Q
60. h8=Q Qf4+ 61. Kg2 Qg4+ 62. Kh1 Kf2 0-1

[Event "DMP Ekstraliga"]
[Site "Karpacz POL"]
[Date "2008.09.07"]
[Round "2"]
[White "Kveinys, A."]
[Black "Socko, B."]
[Result "1/2-1/2"]
[WhiteElo "2527"]
[BlackElo "2627"]
[PlyCount "99"]
[EventDate "2008.09.06"]
[SourceDate "1999.07.01"]

1. Nf3 Nf6 2. c4 e6 3. Nc3 d5 4. d4 Bb4 5. cxd5 exd5 6. Bg5 O-O 7. e3 c5 8.
dxc5 Nbd7 9. Rc1 Qa5 10. a3 Bxc3+ 11. Rxc3 Ne4 12. b4 Nxc3 13. Qa1 Qa4 14. Qxc3
Re8 15. Bd3 a5 16. Bc2 Qb5 17. Nd4 axb4 18. Bxh7+ Kh8 19. axb4 Qc4 20. Qxc4
dxc4 21. Bb1 Ra4 22. Kd2 Rxb4 23. Kc3 Ra4 24. Nb5 Re5 25. Nd6 Kg8 26. Nxc8 Rxg5
27. Rd1 Ra3+ 28. Kb2 Rb3+ 29. Kc1 Rxb1+ 30. Kxb1 Nxc5 31. Rd5 Rxd5 32. Ne7+ Kh7
33. Nxd5 Nd3 34. Nb6 Nxf2 35. Nxc4 Ng4 36. h3 b5 37. Nd6 Nxe3 38. Nxf7 Nxg2 39.
Nd6 b4 40. Kc2 Nf4 41. h4 Nd5 42. Kb3 Kg6 43. Kc4 Kh5 44. Kxd5 b3 45. Nc4 Kxh4
46. Ke4 Kg4 47. Ne3+ Kg3 48. Nf5+ Kf2 49. Kd3 g5 50. Nh6 1/2-1/2

[Event "58th ch-HUN KO"]
[Site "Nyiregyhaza HUN"]
[Date "2008.09.16"]
[Round "2.2"]
[White "Gonda, L."]
[Black "Ruck, R1."]
[Result "1/2-1/2"]
[WhiteElo "2501"]
[BlackElo "2574"]
[PlyCount "41"]
[EventDate "2008.09.12"]
[SourceDate "1999.07.01"]

1. d4 Nf6 2. c4 e6 3. Nf3 d5 4. Nc3 Bb4 5. Bg5 h6 6. Bxf6 Qxf6 7. cxd5 exd5 8.
Rc1 O-O 9. a3 Bxc3+ 10. Rxc3 c6 11. e3 Bf5 12. Be2 Nd7 13. O-O a5 14. b3 Qe7
15. Qc1 Bg4 16. Qb2 Ra7 17. Ra1 Nf6 18. Rcc1 Rfa8 19. Ne5 Bxe2 20. Qxe2 Ne4 21.
a4 1/2-1/2

[Event "17th Open"]
[Site "Kavala GRE"]
[Date "2008.08.07"]
[Round "9"]
[White "Graf, A."]
[Black "Halkias, S."]
[Result "1/2-1/2"]
[WhiteElo "2621"]
[BlackElo "2579"]
[PlyCount "28"]
[EventDate "2008.07.31"]
[SourceDate "1999.07.01"]

1. Nf3 Nf6 2. c4 e6 3. d4 d5 4. Nc3 Bb4 5. e3 O-O 6. Bd3 c5 7. O-O dxc4 8. Bxc4
Nbd7 9. Bd2 cxd4 10. Nxd4 Ne5 11. Be2 Bd7 12. Qb3 Bc5 13. Rfd1 Qb8 14. Be1 Neg4
1/2-1/2

[Event "95th ch-GBR"]
[Site "Liverpool ENG"]
[Date "2008.08.04"]
[Round "7"]
[White "Gormally, D."]
[Black "Conquest, S."]
[Result "1/2-1/2"]
[WhiteElo "2504"]
[BlackElo "2536"]
[PlyCount "37"]
[EventDate "2008.07.28"]
[SourceDate "1999.07.01"]

1. d4 d5 2. c4 e6 3. Nf3 Nf6 4. Nc3 Bb4 5. cxd5 exd5 6. Bg5 Nbd7 7. Rc1 c6 8.
a3 Bxc3+ 9. Rxc3 O-O 10. e3 Qe8 11. Bf4 Ne4 12. Rc1 Nb6 13. Be2 f6 14. O-O Bg4
15. h3 Bh5 16. Ne1 Bxe2 17. Qxe2 Qe7 18. Nd3 Rae8 19. Nc5 1/2-1/2

[Event "19th Czech Open Synthesia Rapid"]
[Site "Pardubice CZE"]
[Date "2008.07.17"]
[Round "4"]
[White "Potkin, V."]
[Black "Gajewski, G."]
[Result "0-1"]
[WhiteElo "2629"]
[BlackElo "2575"]
[PlyCount "74"]
[EventDate "2008.07.16"]
[SourceDate "1999.07.01"]

1. d4 Nf6 2. c4 e6 3. Nf3 d5 4. Nc3 Bb4 5. cxd5 exd5 6. Bg5 Nbd7 7. Rc1 O-O 8.
a3 Bxc3+ 9. Rxc3 h6 10. Bh4 g5 11. Bg3 Ne4 12. Rc1 c6 13. Nd2 f5 14. Nxe4 dxe4
15. Bd6 Rf6 16. Bb4 Nb6 17. Ba5 Be6 18. e3 Qe7 19. Bxb6 axb6 20. h4 g4 21. Bc4
Bxc4 22. Rxc4 Qe6 23. Rb4 f4 24. exf4 Rxf4 25. Qb3 Qxb3 26. Rxb3 Raf8 27. O-O
h5 28. Kh2 Rxf2 29. Rxf2 Rxf2 30. Rxb6 Kf7 31. Kg3 Rf1 32. Rxb7+ Ke6 33. a4 Kd5
34. a5 e3 35. Re7 Kxd4 36. a6 Ra1 37. a7 e2 0-1

[Event "XII Izmailov Mem"]
[Site "Tomsk RUS"]
[Date "2008.06.30"]
[Round "6"]
[White "Bocharov, D."]
[Black "Zablotsky, S."]
[Result "1/2-1/2"]
[WhiteElo "2569"]
[BlackElo "2508"]
[PlyCount "97"]
[EventDate "2008.06.25"]
[SourceDate "1999.07.01"]

1. d4 d5 2. Nf3 Nf6 3. c4 e6 4. Nc3 Bb4 5. e3 c5 6. Bd3 O-O 7. O-O b6 8. dxc5
bxc5 9. Qc2 Bb7 10. Rd1 Nbd7 11. Na4 Qe7 12. cxd5 exd5 13. Bd2 Rac8 14. Bxb4
cxb4 15. Qe2 Ne5 16. Nd4 Nxd3 17. Qxd3 Bc6 18. Qa6 Bxa4 19. Qxa4 Rc7 20. a3
bxa3 21. Qxa3 Qxa3 22. Rxa3 Rb8 23. b3 g6 24. f3 Nd7 25. h4 Nc5 26. Rc1 Rbb7
27. Ra5 Ne6 28. Rxc7 Rxc7 29. Rxd5 Nxd4 30. exd4 Rb7 31. Ra5 Rxb3 32. Rxa7 Rd3
33. Rd7 Rd2 34. h5 gxh5 35. Kh2 h4 36. Kh3 Kg7 37. Rd8 h6 38. Rd6 Rc2 39. d5
Rd2 40. Rd8 Rd4 41. d6 Rc4 42. d7 Rd4 43. f4 f5 44. Kxh4 Rxf4+ 45. Kg3 Rd4 46.
Kf3 Rd1 47. Kf4 Rd5 48. g3 Kh7 49. Re8 1/2-1/2

[Event "TCh-TUR"]
[Site "Kocaeli TUR"]
[Date "2008.06.25"]
[Round "3"]
[White "Gagunashvili, M."]
[Black "Atalik, S."]
[Result "1/2-1/2"]
[WhiteElo "2553"]
[BlackElo "2592"]
[PlyCount "85"]
[EventDate "2008.06.24"]
[SourceDate "1999.07.01"]

1. d4 Nf6 2. Nf3 d5 3. c4 e6 4. Nc3 Bb4 5. Qa4+ Nc6 6. e3 O-O 7. Bd2 Qe8 8. Qc2
dxc4 9. Bxc4 e5 10. d5 Ne7 11. Nxe5 Nexd5 12. Nxd5 Bxd2+ 13. Qxd2 Qxe5 14. Qc3
Qxc3+ 15. Nxc3 Rd8 16. f3 c6 17. Rd1 Rxd1+ 18. Kxd1 b5 19. Bb3 a6 20. Ke2 c5
21. Rd1 Kf8 22. g4 c4 23. g5 cxb3 24. gxf6 gxf6 25. axb3 Be6 26. b4 a5 27. bxa5
Rxa5 28. Rd8+ Kg7 29. Rb8 Ra1 30. Kf2 Rh1 31. Kg3 Rg1+ 32. Kf2 Rh1 33. Kg2 Re1
34. e4 Bc4 35. b4 f5 36. exf5 Re5 37. Kg3 Rxf5 38. f4 Rf6 39. Nxb5 Rg6+ 40. Kf3
Rh6 41. Kg3 Rg6+ 42. Kf3 Rh6 43. Kg3 1/2-1/2

[Event "Kaupthing Open"]
[Site "Differdange LUX"]
[Date "2008.05.13"]
[Round "5"]
[White "Gupta, Ab"]
[Black "Drozdovskij, Y."]
[Result "1/2-1/2"]
[WhiteElo "2521"]
[BlackElo "2581"]
[PlyCount "130"]
[EventDate "2008.05.10"]
[SourceDate "1999.07.01"]

1. d4 Nf6 2. c4 e6 3. Nc3 Bb4 4. Nf3 d5 5. cxd5 exd5 6. Bg5 O-O 7. e3 c5 8. Bd3
c4 9. Bc2 Nbd7 10. O-O Bxc3 11. bxc3 Qa5 12. Ne5 Qxc3 13. Nxd7 Nxd7 14. Rc1 Qa5
15. a4 Re8 16. Rb1 a6 17. Qf3 Nf8 18. Bf4 Rd8 19. Qg3 Rd7 20. Be5 f6 21. Bd6
Qd8 22. Bc5 Rf7 23. Rb6 Qe8 24. Qh4 Ng6 25. Qh5 Be6 26. Rfb1 Rd8 27. h3 Bc8 28.
a5 Nf8 29. Bxf8 g6 30. Bxg6 hxg6 31. Qxg6+ Kxf8 32. Rxf6 Rdd7 33. Rbb6 Rxf6 34.
Qxf6+ Rf7 35. Qh6+ Rg7 36. Qh8+ Rg8 37. Qh6+ Rg7 38. Qh8+ Rg8 39. Qf6+ Qf7 40.
Qd8+ Kg7 41. Qh4 Be6 42. e4 c3 43. Qg3+ Kh7 44. Qh4+ Kg7 45. Qg3+ Kh7 46. Qxc3
dxe4 47. Qe3 Qf5 48. Rxb7+ Rg7 49. Rb6 Qxh3 50. Qxe4+ Bf5 51. Rb7 Bxe4 52.
Rxg7+ Kxg7 53. gxh3 Kf6 54. Kf1 Ke6 55. Ke2 Kd5 56. Ke3 Bf5 57. h4 Bg6 58. h5
Bb1 59. h6 Bh7 60. f3 Kc4 61. Kf4 Kxd4 62. Kg5 Ke5 63. f4+ Ke6 64. Kg4 Kd5 65.
Kg5 Ke6 1/2-1/2

[Event "Mayors Cup Open"]
[Site "Mumbai IND"]
[Date "2008.05.16"]
[Round "8"]
[White "Krasenkow, M."]
[Black "Koneru, H."]
[Result "1-0"]
[WhiteElo "2624"]
[BlackElo "2603"]
[PlyCount "95"]
[EventDate "2008.05.11"]
[SourceDate "1999.07.01"]

1. Nf3 d5 2. d4 Nf6 3. c4 e6 4. Nc3 Bb4 5. Qa4+ Nc6 6. e3 O-O 7. Qc2 a6 8. a3
Be7 9. b4 dxc4 10. Bxc4 Bd6 11. Bb2 e5 12. dxe5 Nxe5 13. Nxe5 Bxe5 14. f4 Bd6
15. O-O Re8 16. e4 Ng4 17. Qe2 b5 18. Bb3 c5 19. h3 cxb4 20. axb4 Bxb4 21. hxg4
Bc5+ 22. Rf2 Qh4 23. f5 Bb7 24. Raf1 h5 25. gxh5 Bxe4 26. Nxe4 Rxe4 27. Qf3
Rae8 28. f6 Bxf2+ 29. Qxf2 Qxf2+ 30. Rxf2 Re1+ 31. Rf1 R8e4 32. Bd5 R4e2 33.
Bc3 Rxf1+ 34. Kxf1 Rc2 35. Bb4 Rb2 36. Be7 b4 37. fxg7 Kxg7 38. Bg5 f6 39. h6+
Kg6 40. Be4+ f5 41. Bd3 Ra2 42. Bf4 Ra3 43. Ke2 Ra2+ 44. Bd2 Ra5 45. g4 Re5+
46. Kf3 b3 47. gxf5+ Kf7 48. h7 1-0

[Event "IX EICC"]
[Site "Plovdiv BUL"]
[Date "2008.04.30"]
[Round "9"]
[White "Kharitonov, Alexandr"]
[Black "Lysyj, I."]
[Result "1/2-1/2"]
[WhiteElo "2526"]
[BlackElo "2595"]
[PlyCount "99"]
[EventDate "2008.04.21"]
[SourceDate "1999.07.01"]

1. Nf3 d5 2. d4 Nf6 3. c4 e6 4. Nc3 Bb4 5. cxd5 exd5 6. Qa4+ Nc6 7. Bg5 Bd7 8.
Qb3 a5 9. a3 a4 10. Qc2 Bxc3+ 11. Qxc3 Na5 12. e3 Ne4 13. Qxa5 Rxa5 14. Bxd8
Kxd8 15. Ne5 Be8 16. Rc1 f6 17. Nd3 c6 18. Be2 Bg6 19. h4 Re8 20. h5 Bf7 21.
Rh4 Nd6 22. Rg4 Rg8 23. Rf4 Ke7 24. Nc5 b6 25. Nd3 Rc8 26. Rg4 Kf8 27. Rf4 Ke7
28. Rg4 Kf8 29. Rf4 c5 30. h6 Nc4 31. hxg7+ Kxg7 32. Rg4+ Kh8 33. Rf4 Kg7 34.
Rg4+ Bg6 35. Nf4 f5 36. Rg3 cxd4 37. exd4 Rb5 38. Nxd5 Rxd5 39. Rxc4 Rxc4 40.
Bxc4 Rxd4 41. Bb5 Kf6 42. Rc3 Ke5 43. Rc6 Bh5 44. f3 Kf4 45. Rxb6 Kg3 46. Rh6
Bg6 47. Rh3+ Kxg2 48. Bf1+ Kg1 49. Rg3+ Kh2 50. Rh3+ 1/2-1/2

[Event "IX EICC"]
[Site "Plovdiv BUL"]
[Date "2008.05.02"]
[Round "11"]
[White "Mchedlishvili, M."]
[Black "Khismatullin, D."]
[Result "0-1"]
[WhiteElo "2635"]
[BlackElo "2584"]
[PlyCount "92"]
[EventDate "2008.04.21"]
[SourceDate "1999.07.01"]

1. d4 Nf6 2. c4 e6 3. Nf3 d5 4. Nc3 Bb4 5. Qa4+ Nc6 6. e3 O-O 7. Bd2 dxc4 8.
Bxc4 Bd6 9. O-O e5 10. h3 a6 11. Qc2 b5 12. Bb3 Bb7 13. Ne2 exd4 14. exd4 Ne7
15. Ne5 c5 16. Nxf7 Rxf7 17. dxc5 Rc8 18. Bxf7+ Kxf7 19. b4 Bb8 20. Rad1 Qd5
21. f3 Qf5 22. Qxf5 Nxf5 23. Rfe1 Nd5 24. a3 Bc6 25. Kf2 Be5 26. Bc1 Bf6 27. g4
Bh4+ 28. Kg1 Nfe3 29. Nd4 Nxd1 30. Rxd1 Nc3 31. Rd3 Bf6 32. Nxc6 Rxc6 33. Kf2
Na4 34. Rd7+ Ke6 35. Ra7 Kd5 36. g5 Bd4+ 37. Kg3 Nc3 38. Kg4 Kc4 39. h4 Nd5 40.
h5 Re6 41. h6 gxh6 42. gxh6 Nf6+ 43. Kf5 Re5+ 44. Kf4 Re1 45. Bd2 Re2 46. Bc1
Rc2 0-1

[Event "IX EICC"]
[Site "Plovdiv BUL"]
[Date "2008.04.24"]
[Round "4"]
[White "Grachev, B."]
[Black "Dizdar, G."]
[Result "1/2-1/2"]
[WhiteElo "2610"]
[BlackElo "2548"]
[PlyCount "114"]
[EventDate "2008.04.21"]
[SourceDate "1999.07.01"]

1. Nf3 Nf6 2. c4 e6 3. Nc3 d5 4. d4 Bb4 5. Bg5 h6 6. Bxf6 Qxf6 7. e3 O-O 8. Rc1
dxc4 9. Bxc4 c5 10. O-O cxd4 11. Nxd4 Bd7 12. Ne4 Qe7 13. a3 Ba5 14. Qh5 Bb6
15. Rfd1 Rd8 16. Nd6 Be8 17. Nxe8 Rxe8 18. Qf3 Rd8 19. Bb5 a6 20. Ba4 a5 21.
Nf5 exf5 22. Rxd8+ Qxd8 23. Qxb7 Na6 24. Rd1 Qb8 25. Qd5 f4 26. exf4 Nc7 27.
Qf5 Ne6 28. g3 Nd4 29. Qe4 Qd8 30. Re1 Rb8 31. Kg2 Qc7 32. Qd5 Rd8 33. Re8+
Rxe8 34. Bxe8 Qe7 35. Ba4 g6 36. h4 h5 37. Bd7 Qe2 38. Qb7 Qxb2 39. Be8 Qb3 40.
Bxf7+ Qxf7 41. Qxb6 Qd5+ 42. Kh2 Kf7 43. Qa7+ Kf6 44. Qa6+ Ne6 45. a4 Kf5 46.
Qe2 Nd4 47. Qa6 Nf3+ 48. Kh3 Ng1+ 49. Kh2 Nf3+ 50. Kh3 Nd2 51. Kh2 Nc4 52. f3
Nd6 53. Qe2 Qc5 54. Qe7 Qf2+ 55. Kh3 Qf1+ 56. Kh2 Qf2+ 57. Kh3 Qf1+ 1/2-1/2

[Event "IX EICC"]
[Site "Plovdiv BUL"]
[Date "2008.04.26"]
[Round "6"]
[White "Akopian, Vl"]
[Black "Halkias, S."]
[Result "1/2-1/2"]
[WhiteElo "2673"]
[BlackElo "2585"]
[PlyCount "81"]
[EventDate "2008.04.21"]
[SourceDate "1999.07.01"]

1. d4 Nf6 2. Nf3 d5 3. c4 e6 4. Nc3 Bb4 5. cxd5 exd5 6. Bg5 Nbd7 7. Qc2 O-O 8.
a3 Bxc3+ 9. Qxc3 h6 10. Bh4 c5 11. Nd2 Qb6 12. dxc5 Nxc5 13. Bxf6 gxf6 14. Qb4
Bf5 15. Qxb6 axb6 16. g4 Bg6 17. f4 Rfe8 18. Kf2 Ne4+ 19. Nxe4 Bxe4 20. Rg1
Rac8 21. Rg3 Rc2 22. b4 Rec8 23. Rd1 Ra2 24. Re3 Rcc2 25. h4 Kg7 26. h5 Rc4 27.
Kg3 Rac2 28. f5 R2c3 29. Rxc3 Rxc3+ 30. Kf2 Rxa3 31. Bg2 Bxg2 32. Kxg2 Re3 33.
Kf2 Re4 34. Kf3 Rxb4 35. Rxd5 b5 36. Rd7 Rb3+ 37. e3 Rb1 38. Rxb7 b4 39. Rb8 b3
40. Kg2 b2 41. e4 1/2-1/2

[Event "IX EICC"]
[Site "Plovdiv BUL"]
[Date "2008.04.26"]
[Round "6"]
[White "Huzman, A."]
[Black "Popov, Val"]
[Result "1/2-1/2"]
[WhiteElo "2602"]
[BlackElo "2525"]
[PlyCount "51"]
[EventDate "2008.04.21"]
[SourceDate "1999.07.01"]

1. d4 Nf6 2. c4 e6 3. Nf3 d5 4. Nc3 Bb4 5. Bg5 h6 6. Bxf6 Qxf6 7. e3 O-O 8. Rc1
dxc4 9. Bxc4 c5 10. O-O cxd4 11. exd4 Bxc3 12. bxc3 Nc6 13. Bb5 Bd7 14. Qe2
Rfd8 15. Nd2 e5 16. d5 Ne7 17. Bxd7 Rxd7 18. Ne4 Qg6 19. c4 Rc8 20. Ng3 Qg5 21.
Rfe1 Ng6 22. Ne4 Nf4 23. Nxg5 Nxe2+ 24. Rxe2 hxg5 25. Rxe5 f6 26. Ree1 1/2-1/2

[Event "IX EICC"]
[Site "Plovdiv BUL"]
[Date "2008.04.27"]
[Round "7"]
[White "Bocharov, D."]
[Black "Vitiugov, N."]
[Result "1/2-1/2"]
[WhiteElo "2569"]
[BlackElo "2617"]
[PlyCount "153"]
[EventDate "2008.04.21"]
[SourceDate "1999.07.01"]

1. d4 d5 2. c4 e6 3. Nf3 Nf6 4. Nc3 Bb4 5. cxd5 exd5 6. Bg5 Nbd7 7. Rc1 c6 8.
a3 Bxc3+ 9. Rxc3 O-O 10. e3 Qe8 11. Bf4 Ne4 12. Rc2 Ndf6 13. Ne5 Qe7 14. Bd3
Ne8 15. h3 f6 16. Nf3 N8d6 17. O-O Bd7 18. Nd2 Rae8 19. b4 Nxd2 20. Bxd6 Qxd6
21. Qxd2 Re7 22. a4 a6 23. b5 axb5 24. axb5 Ra8 25. bxc6 bxc6 26. Rb1 Be8 27.
Rc5 Rea7 28. Qc2 g6 29. Qd1 Bd7 30. h4 Kg7 31. Rbc1 Ra2 32. h5 Rb2 33. Rb1 Rxb1
34. Qxb1 Qb8 35. Qc1 Qb4 36. hxg6 hxg6 37. Rc2 Ra3 38. Rb2 Rb3 39. Rxb3 Qxb3
40. Bc2 Qb4 41. Qa1 Kh6 42. Bd3 Be8 43. Qa8 Qe7 44. Qb8 Kg7 45. Ba6 Bf7 46. Qb6
Be8 47. Bc8 Kf7 48. Bg4 Qd6 49. Qb7+ Qe7 50. Qc8 Qd6 51. f4 Qe7 52. Kf2 Qd6 53.
f5 Qe7 54. fxg6+ Kxg6 55. Bf5+ Kf7 56. Bd3 Qd7 57. Qb8 Ke7 58. Qf4 Qd6 59. Qh6
Qe6 60. Kf3 Bd7 61. Qg7+ Qf7 62. Qh6 Qe6 63. Qh4 Qg8 64. g4 Qg5 65. Qh5 Kd6 66.
Qh2+ Ke7 67. Qg3 Kf7 68. Qf4 Ke7 69. Kg3 Kf7 70. Be2 Ke7 71. Bf3 Ke6 72. Kf2
Qxf4 73. exf4 Kd6 74. g5 fxg5 75. fxg5 c5 76. dxc5+ Kxc5 77. Bxd5 1/2-1/2

[Event "IX EICC"]
[Site "Plovdiv BUL"]
[Date "2008.04.27"]
[Round "7"]
[White "Popov, Val"]
[Black "Atalik, S."]
[Result "1-0"]
[WhiteElo "2525"]
[BlackElo "2592"]
[PlyCount "58"]
[EventDate "2008.04.21"]
[SourceDate "1999.07.01"]

1. Nf3 Nf6 2. c4 e6 3. Nc3 d5 4. d4 Bb4 5. cxd5 exd5 6. Bg5 Nbd7 7. Rc1 c6 8.
a3 Bd6 9. e3 O-O 10. Bd3 Re8 11. O-O Nf8 12. Re1 Bg4 13. h3 Bh5 14. Bh4 Bg6 15.
b4 a5 16. Rb1 axb4 17. axb4 Ra3 18. Bxg6 Nxg6 19. Bxf6 Qxf6 20. Qc1 Rea8 21. b5
Qd8 22. bxc6 bxc6 23. Re2 h6 24. Rc2 Ne7 25. Ne2 R3a5 26. g3 R5a6 27. Kg2 Qc8
28. Qb2 Qe6 29. Nc3 Qg6 1-0

[Event "IX Dos Hermanas Internet"]
[Site "ICC INT"]
[Date "2008.04.04"]
[Round "2.3"]
[White "Melkumyan, H."]
[Black "Jobava, Ba"]
[Result "1-0"]
[WhiteElo "2534"]
[BlackElo "2658"]
[PlyCount "81"]
[EventDate "2008.04.04"]
[SourceDate "1999.07.01"]

1. Nf3 Nf6 2. d4 d5 3. c4 e6 4. Nc3 Bb4 5. cxd5 exd5 6. Bg5 c5 7. e3 Nbd7 8.
Bd3 c4 9. Bb1 Bxc3+ 10. bxc3 Qa5 11. Qc1 Ne4 12. O-O Nxc3 13. Qe1 b6 14. e4
Nxb1 15. exd5+ Qxe1 16. Rxe1+ Kf8 17. Be7+ Kg8 18. Raxb1 Bb7 19. d6 f6 20. Nd2
Rc8 21. Rec1 c3 22. Nf1 Kf7 23. Rb3 Rc6 24. Rcxc3 Rxc3 25. Rxc3 Rc8 26. Ra3 Rc1
27. Rxa7 Bc6 28. Rc7 Ke6 29. f3 b5 30. Kf2 Rc2+ 31. Kg3 Rc3 32. Nd2 Rd3 33. Nb3
Bd5 34. Nc5+ Nxc5 35. dxc5 Bxa2 36. Bf8 b4 37. c6 b3 38. Re7+ Kf5 39. c7 Rc3
40. d7 b2 41. c8=Q 1-0

[Event "XXIII Open"]
[Site "Reykjavik ISL"]
[Date "2008.03.11"]
[Round "9"]
[White "Malakhatko, V."]
[Black "Dizdar, G."]
[Result "1/2-1/2"]
[WhiteElo "2600"]
[BlackElo "2564"]
[PlyCount "101"]
[EventDate "2008.03.03"]
[SourceDate "1999.07.01"]

1. d4 d5 2. c4 e6 3. Nf3 Nf6 4. Nc3 Bb4 5. cxd5 exd5 6. Bg5 h6 7. Bh4 g5 8. Bg3
Ne4 9. Nd2 Nxg3 10. hxg3 c6 11. a3 Bf8 12. e3 Be6 13. Bd3 Nd7 14. f4 Nb6 15.
Qe2 Qe7 16. Nf3 Bg7 17. Ne5 O-O-O 18. O-O Rhe8 19. Qf2 f6 20. Ng6 Qd6 21. f5
Bf7 22. b4 Kb8 23. Rab1 h5 24. a4 h4 25. g4 Rd7 26. Rfe1 Nc8 27. b5 c5 28. Rbd1
cxd4 29. exd4 Qb4 30. Rxe8 Bxe8 31. Ne2 Qxa4 32. Rb1 Qa3 33. Qe3 Bf7 34. Rc1
Nb6 35. Rc5 Nc4 36. Qh3 Qa1+ 37. Kf2 b6 38. Qh2+ Kb7 39. Rxc4 dxc4 40. Be4+ Kc8
41. Bc6 Bxg6 42. Bxd7+ Kxd7 43. Qb8 Bf7 44. Qb7+ Ke8 45. Qc8+ Ke7 46. Qc7+ Kf8
47. Qd8+ Be8 48. Qd6+ Kg8 49. Qd8 Kf7 50. Qc7+ Kf8 51. Qd6+ 1/2-1/2

[Event "ch-CRO"]
[Site "Split CRO"]
[Date "2008.01.29"]
[Round "13"]
[White "Jankovic, A."]
[Black "Dizdar, G."]
[Result "1/2-1/2"]
[WhiteElo "2541"]
[BlackElo "2564"]
[PlyCount "39"]
[EventDate "2008.01.16"]
[SourceDate "1999.07.01"]

1. d4 d5 2. c4 e6 3. Nf3 Nf6 4. Nc3 Bb4 5. Bg5 h6 6. Bxf6 Qxf6 7. Qb3 c5 8.
cxd5 exd5 9. a3 Bxc3+ 10. Qxc3 Nd7 11. e3 a6 12. Be2 O-O 13. a4 b6 14. O-O Bb7
15. b3 Rfc8 16. Rfc1 a5 17. Qe1 Qd6 18. Bb5 Bc6 19. Bd3 Bb7 20. Bb5 1/2-1/2

[Event "38th Olympiad"]
[Site "Dresden GER"]
[Date "2008.11.13"]
[Round "1"]
[White "Iturrizaga, E."]
[Black "Palac, M."]
[Result "1-0"]
[WhiteElo "2538"]
[BlackElo "2583"]
[PlyCount "161"]
[EventDate "2008.11.13"]
[SourceDate "1999.07.01"]

1. d4 Nf6 2. c4 e6 3. Nf3 d5 4. Nc3 Bb4 5. Bg5 dxc4 6. e4 c5 7. e5 cxd4 8. Nxd4
Bxc3+ 9. bxc3 Qa5 10. exf6 Qxg5 11. fxg7 Qxg7 12. Qd2 O-O 13. Bxc4 Rd8 14. Qe3
Bd7 15. O-O Nc6 16. Nf3 Ne7 17. Ne5 Ng6 18. f4 Rac8 19. Bb3 Bb5 20. Nxf7 Rxc3
21. Qxe6 Re8 22. Nh6+ Kh8 23. Nf7+ Kg8 24. Qd5 Bc6 25. Nh6+ Kh8 26. Nf7+ Kg8
27. Nh6+ Kh8 28. Nf5 Qf6 29. Qd4 Rf8 30. g3 a5 31. Rac1 Rxc1 32. Rxc1 h5 33.
Qxf6+ Rxf6 34. Nd4 a4 35. Bd1 Bd5 36. a3 h4 37. Rc5 Ne7 38. Kf2 hxg3+ 39. hxg3
Rh6 40. Bxa4 Rh2+ 41. Ke1 Rh1+ 42. Kd2 Rh2+ 43. Kc1 Rg2 44. Rc3 Kg7 45. Bc2 Kf6
46. a4 Rg1+ 47. Kb2 Rg2 48. Ka3 Rd2 49. Rd3 Rg2 50. Bb3 Bxb3 51. Kxb3 Nc8 52.
Re3 Kf7 53. Nb5 b6 54. Rd3 Ne7 55. Nd6+ Ke6 56. Nb5 Nf5 57. Nd4+ Nxd4+ 58. Rxd4
Rxg3+ 59. Kb4 Kf5 60. Kb5 Rg6 61. Ka6 Rc6 62. Rb4 Rd6 63. Kb7 Re6 64. Rxb6 Re4
65. a5 Kxf4 66. a6 Re7+ 67. Kc6 Re6+ 68. Kb5 Re5+ 69. Kb4 Re1 70. Kb5 Re5+ 71.
Ka4 Re1 72. Rb3 Re6 73. Ka5 Re5+ 74. Rb5 Re7 75. Rc5 Ke4 76. Kb6 Kd4 77. Rc7
Re1 78. a7 Rb1+ 79. Kc6 Ra1 80. Kb7 Rb1+ 81. Kc8 1-0

[Event "38th Olympiad"]
[Site "Dresden GER"]
[Date "2008.11.14"]
[Round "2"]
[White "Kazhgaleyev, M."]
[Black "Jobava, Ba"]
[Result "1-0"]
[WhiteElo "2640"]
[BlackElo "2664"]
[PlyCount "89"]
[EventDate "2008.11.13"]
[SourceDate "1999.07.01"]

1. d4 d5 2. c4 e6 3. Nc3 Bb4 4. Nf3 Nf6 5. cxd5 exd5 6. Bg5 O-O 7. e3 c5 8. Be2
Nbd7 9. O-O h6 10. Bh4 Qa5 11. Qc2 c4 12. Nd2 Re8 13. Bf3 g5 14. Bg3 Nb6 15.
Be5 Nbd7 16. Bg3 Nb6 17. a3 Bxc3 18. bxc3 Qa4 19. Qb1 Qc6 20. Bd1 Ne4 21. Nxe4
dxe4 22. a4 Nd5 23. Qb2 a5 24. Rb1 b6 25. Qd2 Bd7 26. Bc2 Qg6 27. f3 f6 28.
fxe4 Rxe4 29. Qe2 Rc8 30. Qf3 f5 31. Bxe4 fxe4 32. Qf2 Bxa4 33. Be5 Bd7 34. Qb2
b5 35. Qa3 Qb6 36. Rf2 b4 37. Qa1 Be6 38. cxb4 axb4 39. Ra2 Qb5 40. Ra5 Qe8 41.
Ra7 Bd7 42. Qa6 Rc6 43. Qb7 Nb6 44. Rxb4 Qh5 45. Ra1 1-0

[Event "Russia Cup Final"]
[Site "Serpuhov RUS"]
[Date "2008.11.05"]
[Round "1.1"]
[White "Yakovich, Yur"]
[Black "Aleksandrov, A."]
[Result "1/2-1/2"]
[WhiteElo "2567"]
[BlackElo "2617"]
[PlyCount "89"]
[EventDate "2008.11.05"]
[SourceDate "1999.07.01"]

1. d4 Nf6 2. c4 e6 3. Nf3 d5 4. Nc3 Bb4 5. cxd5 exd5 6. Bg5 Nbd7 7. Qc2 c5 8.
e3 Qa5 9. Bd3 O-O 10. O-O c4 11. Bf5 Re8 12. Nd2 g6 13. Bh3 Kg7 14. Rae1 Nb6
15. Bxc8 Raxc8 16. f3 Re6 17. e4 dxe4 18. Bxf6+ Rxf6 19. fxe4 Rxf1+ 20. Rxf1
Qg5 21. Re1 Qf4 22. g3 Qf6 23. e5 Qc6 24. Nde4 Nd5 25. Qf2 Be7 26. Nxd5 Qxd5
27. Nf6 Qe6 28. d5 Qb6 29. Qxb6 axb6 30. Ne4 b5 31. Kf2 b4 32. Ke3 f5 33. Nd6
Bxd6 34. exd6 c3 35. bxc3 bxc3 36. Kd4 Kf8 37. d7 Rd8 38. Kxc3 Rxd7 39. Kd4 b6
40. Re6 Ra7 41. Rxb6 Rxa2 42. h4 Ke7 43. Rb7+ Kd6 44. Rxh7 Ra4+ 45. Ke3 1/2-1/2